| 000 | 01597nam a22004097a 4500 | ||
|---|---|---|---|
| 003 | CHAP | ||
| 005 | 20220329143451.0 | ||
| 008 | 091116s2009 mx r 00010 spa d | ||
| 010 | _a97080 | ||
| 011 | _a98052 | ||
| 035 | _a108729 | ||
| 040 | _cCHAP | ||
| 090 | _aTesis | ||
| 100 | 1 |
_aBurke Roco, Alan Fernando _916196 |
|
| 245 | 1 | 0 |
_aRevisión taxonómica de las principales especies de la familia cleridae (Coleoptera: Cleroidea) en bosques de clima templado a semiárido en México _c/por Alan Fernando Burke Roco |
| 260 |
_aChapingo, Méx. : _bEl autor, _c2009 |
||
| 300 |
_ax, 123 h. : _bilus. |
||
| 502 | _aTesis (M. en Ciencias Forestales) -- UACH. Divición de Ciencias Forestales | ||
| 530 | _aTambién disponible en línea | ||
| 590 |
_aALEPH _b10 _c20130110 _lUCH01 _h1531 |
||
| 590 |
_aBATCH-UPD _b10 _c20130110 _lUCH01 _h1552 |
||
| 590 |
_aBATCH-UPD _b10 _c20130410 _lUCH01 _h0950 |
||
| 590 |
_aBATCH-UPD _b10 _c20130914 _lUCH01 _h0725 |
||
| 590 |
_aBATCH-UPD _b10 _c20140324 _lUCH01 _h1513 |
||
| 590 |
_aBATCH-UPD _b10 _c20141002 _lUCH01 _h0840 |
||
| 590 |
_aBATCH _b00 _c20181121 _lUCH01 _h0759 |
||
| 590 |
_aCONVERSION _b10 _c20130109 _lUCH01 _h1354 |
||
| 650 | 1 | 4 |
_aBosques y clima. _914427 |
| 650 | 1 | 4 |
_aColeópteros. _925123 |
| 650 | 1 | 4 |
_aInsectos _xAnatomía y fisiología. _958891 |
| 856 |
_3Finding aid _uhttp://10.13.5.2/tesis/108729.pdf _zTeclea aqui |
||
| 856 |
_a1 _n0001064 |
||
| 901 | _aBK | ||
| 942 | _cFOLL | ||
| 949 |
_aTesis _bBC _cTES _d03372400210541 _eTS2 _fc.2 _gdonaciØn _h49719 _i108729 _sb |
||
| 949 |
_aTesis _bBC _cTES _d33724002105371 _eTS1 _gDonaciØn _h49718 _i108729 _sb |
||
| 999 |
_c97080 _d97080 |
||